| 000 | 00638cam a22002293a 4500 | ||
|---|---|---|---|
| 001 | 18394 | ||
| 003 | PGUSA | ||
| 005 | 20140828083406.0 | ||
| 008 | 060515s2006||||xxu|||||s|||||000 | eng d | ||
| 040 |
_aPGUSA _beng |
||
| 042 | _adc | ||
| 050 | 4 | _aBJ | |
| 100 | 1 |
_aMarden, Orison Swett, _d1848-1924 |
|
| 245 | 1 | 0 |
_aCheerfulness as a Life Power _h[electronic resource] / _cOrison Swett Marden |
| 260 |
_bProject Gutenberg, _c2006 |
||
| 506 | _aPublic domain in the USA. | ||
| 516 | _aElectronic text | ||
| 653 | _aCheerfulness | ||
| 830 | 0 |
_aProject Gutenberg _v18394 |
|
| 856 | 4 | 0 | _uhttp://www.gutenberg.org/ebooks/18394 |
| 942 | _cEB | ||
| 999 |
_c247649 _d247649 |
||